Ptaki stwierdzone w polsce na litere S-Ś - Statystyki

Ogólne statystyki
  • Ten quiz został rozwiązany 36 razy
  • Średni wynik to 41 z 75
Statystyki odpowiedzi
Odpowiedź % Poprawnych
sokół wędrowny
94%
sóweczka
88%
skowronek
82%
słowik rdzawy
82%
słowik szary
82%
sójka
82%
świstun
82%
szpak
82%
sroka
76%
strzyżyk
76%
świergotek łąkowy
76%
świstunka leśna
76%
sikora uboga
71%
świergotek polny
71%
szablodziób
71%
sieweczka obrożna
65%
siewka złota
65%
siewnica
65%
słonka
65%
sosnówka
65%
srokosz
65%
świergotek drzewny
65%
świerszczak
65%
sęp płowy
59%
sierpówka
59%
sieweczka rzeczna
59%
sikora lazurowa
59%
siniak
59%
siwerniak
59%
ślepowron
59%
śpiewak
59%
szczudłak
59%
szlachar
59%
szlamnik
59%
samotnik
53%
sieweczka morska
53%
śnieguła
53%
śnieżka
53%
świstunka ałtajska
53%
syczek
53%
szczygieł
53%
sęp kasztanowaty
47%
sieweczka pustynna
47%
siewka szara
47%
siewka złotawa
47%
śmieszka
47%
sokół skalny
47%
sowa jarzębata
47%
sterniczka
47%
strumieniówka
47%
świergotek nadmorski
47%
świstun amerykański
47%
świstunka brunatna
47%
świstunka grubodzioba
47%
świstunka złotawa
47%
świstunka żółtawa
47%
słowik syberyjski
41%
świergotek rdzawogardły
41%
świergotek stepowy
41%
świergotek szponiasty
41%
świergotek tajgowy
41%
świstunka górska
41%
świstunka iberyjska
41%
ścierwnik
35%
sieweczka długonoga
35%
skowrończyk krótkopalcowy
35%
sójka syberyjska
35%
strepet
35%
świerszczak melodyjny
35%
świstunka północna
35%
szlamiec długodzioby
35%
sieweczka tybetańska
29%
skowrończyk mały
29%
skowronek białoskrzydły
29%
srokosz północny
29%
Nie znaleziono quizów pasujących do podanych kryteriów
Rozkład punktacji
Procent ludzi z każdym wynikiem
Percentyl według liczby udzielonych odpowiedzi
Twoja historia wyników
Nie rozwiązałeś tego quizu